| 000 | 00501nam a2200181Ia 4500 | ||
|---|---|---|---|
| 008 | 131103s9999 xx 000 0 und d | ||
| 040 | _aLoreto College | ||
| 041 | _aEnglish | ||
| 082 |
_a371.3/KOC _bLCBED/11857 |
||
| 100 | _aKochhar, S.K. | ||
| 245 |
_aSecondary school administration _cS.K. Kochhar |
||
| 260 |
_aNew Delhi _bSterling Publishing _c1995 |
||
| 300 |
_a468p. _c 22cm. |
||
| 650 | _aSecondary Education | ||
| 651 | _aSchool organisation | ||
| 850 | _aLCBED/371.3/KOC | ||
| 942 | _cBK | ||
| 999 |
_c27202 _d77681 |
||